| 000 | 00736pam a2200253 a 4500 | ||
|---|---|---|---|
| 008 | |||
| 020 | _a0750607335 (pbk.) | ||
| 049 | _aMAIN | ||
| 090 | _aKD1289 | ||
| 100 | 1 | _aZalka, K. A. | |
| 245 | 1 | 0 |
_aStability of large structures / _cK.A. Zalka and G.S.T. Armer. |
| 260 |
_aOxford : _bButterworth-Heinemann, _c1992. |
||
| 300 |
_axiv, 261 p. : _bill. ; _c25 cm. |
||
| 504 | _aIncludes bibliographical references. | ||
| 500 | _aIncludes index | ||
| 650 | 0 | _aStructural stability. | |
| 653 | 0 |
_aStructures _aAnalysis |
|
| 700 | 1 | _aArmer, G. S. T. | |
| 907 |
_a.b10061071 _b29-01-07 _c17-04-03 |
||
| 003 | |||
| 005 | 20230123133528.0 | ||
| 040 | _cNUST | ||
| 942 |
_cBOOKS _kKD1289 |
||
| 999 |
_c150165 _d150165 |
||